Normal view
MARC view
Entry Personal Name
001 - CONTROL NUMBER
- control field: 7992
003 - CONTROL NUMBER IDENTIFIER
- control field: OSt
005 - DATE AND TIME OF LATEST TRANSACTION
- control field: 20110324153829.0
008 - FIXED-LENGTH DATA ELEMENTS
- fixed length control field: 110324|||a|||||| | ||| d
040 ## - CATALOGING SOURCE
- Original cataloging agency: OSt
- Transcribing agency: OSt
100 ## - HEADING--PERSONAL NAME
- Personal name: Dan Blowo (Yacouba) - Texts.
670 ## - SOURCE DATA FOUND
- Source citation: Work cat.: (OSt)40840: International Bible Society. 7990, 'Wun -se -nao 'o go -zlan 'pio -a 'seedh., 1993.
